Culture générale - astronomie - Statistiques

Statistiques générales
  • Ce quiz a été pris 658 fois
  • Le résultat moyen est 9 sur 15
Statistiques - réponses
Hint Réponse % Correct
Quelle planète est célèbre pour ses beaux anneaux ? Saturne
96%
Comment s'appelle notre galaxie ? La Voie Lactée
92%
Quel astre appelle-t-on l'étoile du berger ? Vénus
83%
Et comment s'appelle la galaxie voisine, la plus proche de la nôtre ? Andromède
82%
Donner le nom d'au moins une lune galiléenne de Jupiter : Io / Ganymède / Callisto / Europe
77%
Dans le langage courant, comment désigne-t-on souvent les météores ? étoiles filantes
72%
Quels sont les astres les plus compacts de l'Univers ? Les trous noirs
68%
Quel télescope spatial de la NASA a été lancé le 25 décembre 2021 ? James Webb
58%
Quelle sonde, lancée le 5 septembre 1977, est l'objet humain le plus éloigné de la Terre ? Voyager 1
54%
Quel type d'étoile le Soleil est-il ? Une naine jaune
40%
Quel type d'étoile est un pulsar ? Une étoile à neutrons
38%
Quel âge a notre Univers ? 13,6 milliards d'années
36%
Comment s'appelle le nuage hypothétique qui serait autour du système Solaire, bien au-delà de Neptune et de la ceinture de Kuiper ? Le nuage de Oort
23%
Que détectent les interféromètres géants comme VIRGO ou LIGO ? des ondes gravitationnelles
17%
Comment s'appelle le rayonnement issu de la première émission de lumière de l'Univers, 380000 ans après le Big Bang ? Le fond diffus cosmologique
16%
Aucun quiz correspondant
Distribution des résultats
% des personnes avec chaque résultat
Percentile par nombre de réponses
Votre historique - résultats
Vous n’avez pas pris ce quiz